000 00849cab a22001935a 4500
001 L144462
008 080722e20080718xxkad f 000 0 eng d
035 _a(Sirsi) u144462
041 0 _aeng
100 1 _aShah, Aditi
245 0 0 _aSpecial report
_bhealthcare
260 _c2008
490 0 _aProperty Week
_v73(29) 18 July 2008, 105-112(5)
520 _aReports on the problems facing the care home sector. Discusses the case of Southern Cross Healthcare Group, the leading UK operator of care homes, whose share price fell nearly sixty percent in June 2008. Discusses Lord Darzi's NHS reforms to turn doctors surgeries into integrated polyclinics.
590 _aKA
651 4 _aUnited Kingdom
_y
690 _aPROPERTY-OTHER PROPERTY TYPES-HEALTHCARE AND WELFARE PROPERTY-WELFARE FACILITY AND HOME PROPERTY-WELFARE FACILITIES
942 _n0
999 _c80475
_d80475